000 00263nam a22001217a 4500
003 OSt
005 20170105103446.0
008 131203t xxu||||| |||| 00| 0 eng d
020 _a0-7817-3514-9
040 _cASAB
245 _aFundamental Immunology
942 _2ddc
_cBK
999 _c16652
_d16652